| 000 | 01587nam a2200241Ia 4500 | ||
|---|---|---|---|
| 999 |
_c51716 _d51716 |
||
| 001 | 18707 | ||
| 003 | GE_BSU | ||
| 005 | 20210518123424.0 | ||
| 008 | 181216s2006||||ge |||||||||||||| ||geo|| | ||
| 040 | _cGE_BSU | ||
| 041 | _ageo | ||
| 080 | _a58 ც - 517 | ||
| 100 |
_aცეცხლაძე, ო. _94602 |
||
| 245 |
_aსამხრეთ - დასავლეთ საქართველოს მოსახლეობის ანტროპოლოგიური თავისებურებანი და პოპულაციურ - გენეტიკური სტრუქტურა / _cო. ცეცხლაძე; სამეცნიერო ხელმძღვანელი მ. აბდუშელიშვილი; ბსუ. |
||
| 264 |
_aბათუმი, _c2006. |
||
| 300 |
_a210 გვ. ; _b30 სმ. |
||
| 653 | _aსამხრეთ - დასავლეთ საქართველოს მოსახლეობის ანტროპოლოგიური თავისებურებანი და პოპულაციურ - გენეტიკური სტრუქტურა | ||
| 653 | _aბიოლოგია | ||
| 653 | _aდისერტაცია | ||
| 700 |
_aაბდუშელიშვილი, მ. _eსამეცნიერო ხელმძღვანელი _94603 |
||
| 710 |
_aბათუმის შოთა რუსთაველის სახელმწიფო უნივერსიტეტი. _94449 |
||
| 942 |
_cBK _2udc |
||